The building-and-loan association /

Bibliographic Details
Main Author: Reigel, Robert, 1890-
Other Authors: Doubman, John Russell, 1894-
Format: Book
Language:English
Published: New York : London : J. Wiley and sons, inc.; Chapman and Hall, limited, 1927.
Subjects:

MARC

Tag First Indicator Second Indicator Subfields
LEADER 00000cam a2200000 4500
001 in00000053981
005 20151008050916.0
008 780323s1927 nyu b 00010 eng
010 |a  27021581  
035 |a (OCoLC)03742817 
035 |9 AAG4220AM 
037 |c $3.00 
040 |a DLC  |c TLM  |d TXA  |d UtOrBLW 
049 |a TXAM  |c [37012] 
050 0 0 |a HG2126  |b .R5 
092 |a 334.1  |b R554b 
100 1 |a Reigel, Robert,  |d 1890- 
245 1 4 |a The building-and-loan association /  |c by Robert Riegel and J. Russell Doubman. 
264 1 |a New York :  |b J. Wiley and sons, inc.;  |a London :  |b Chapman and Hall, limited,  |c 1927. 
300 |a vii, 320 pages including illustrations, forms, diagrams ;  |c 23 cm. 
336 |a text  |b txt  |2 rdacontent 
337 |a unmediated  |b n  |2 rdamedia 
338 |a volume  |b nc  |2 rdacarrier 
504 |a Bibliography: pages 275-276. 
650 0 |a Savings and loan associations  |z United States. 
700 1 |a Doubman, John Russell,  |d 1894- 
999 |a MARS 
999 f f |s c5d385df-afa9-3bdc-973c-9878145f9c70  |i 2f81b955-eb23-35b2-bec6-8ef089f293ca  |t 0 
952 f f |p ric  |a Texas A&M University  |b Rellis Campus  |c Joint Library Facility  |d Remote Storage  |t 0  |e HG2126 .R5  |h Library of Congress classification  |i unmediated -- volume  |m A14800742536 
998 f f |a HG2126 .R5  |t 0  |l Remote Storage